| 000 | 00000nam##2200000za#4500 |
| 001 | 9.699306 |
| 003 | CaOODSP |
| 005 | 20210625000324 |
| 007 | cr ||||||||||| |
| 008 | 150407|1981||||xxc|||||o f|0| 0 eng|d |
| 040 | |aCaOODSP|beng |
| 043 | |an-cn--- |
| 086 | 1 |aA53-1534/1981E-PDF |
| 110 | 1 |aCanada.|bAgriculture Canada.|bResearch Branch. |
| 245 | 10|aCanada animal manure management guide / |h[electronic resource]|crevised by the Animal Manure Management Committee under the authority of the Canada Committee on Agriculural Engineering Services. |
| 260 | |aOttawa - Ontario : |bAgriculture Canada. |cRevised 1980, reprinted 1981. |
| 300 | |a44p.|bfigs., graph, tables |
| 500 | |aHistorical publication digitized by Agriculture and Agri-Food Canada. "A federal/provincial publication"--p. 3 of 44. |
| 590 | |a14-11-Supp|b2014-05-21 |
| 690 | 07|aManure|2gcpds |
| 775 | 08|tGuide canadien d'utilisation des fumiers / |w(CaOODSP)9.643286 |
| 856 | 40|ahttp://publications.gc.ca|qPDF|s2.6 MB|uhttps://publications.gc.ca/collections/collection_2014/aac-aafc/agrhist/A53-1534-1981-eng.pdf |
| 986 | |a1534 |